000 00497cam a22002051 4500
001 sa 66002715
003 DLC
005 20260227112231.0
008 881028s1964 xx 000 0 benr
010 _asa 66002715
035 _a(OCoLC)23580234
040 _aDLC
_cMiU
_dDLC
042 _apremarc
050 0 0 _aPK1718.B3636
_bB3
100 1 _aBasu, Bibhuprasad,
_d1908-
245 1 0 _aBātāẏanera ākāśa.
260 _a[n.p.]
_c[1964]
300 _a78 p.
_c23 cm.
500 _aRomanized.
999 _c68563
_d68563